000 00536nam a2200169 4500
001 112303
003 ES-MaACL
005 20230906185512.0
007 t|
008 061121s1960 sz r ||||1| fre d
100 1 _aNiehans, Paul.
_985629
245 1 4 _aLes cellules B des ilots de Langerhans dans la lutte contre le diabete sucré pancréatique /
_cPaul Niehans.
260 _aBerne [etc.] :
_bHans Hüber,
_c1960.
300 _a18 p. ;
_c21 cm.
852 _aES-MaACL
_j2023-F-3
_bR.48444
852 _aES-MaACL
_j2058-F-25
_bR.63799
999 _c112303
_d112303